Central Library || Chittagong University

কল্কি অবতার এবং মোহাম্মদ সাহেব / (Record no. 103855)

MARC details
000 -LEADER
fixed length control field 00847nam a22002057a 4500
003 - CONTROL NUMBER IDENTIFIER
control field BD-ChCU
005 - DATE AND TIME OF LATEST TRANSACTION
control field 20240310133930.0
008 - FIXED-LENGTH DATA ELEMENTS--GENERAL INFORMATION
fixed length control field 240310b bg ||||| |||| 00| 0 ben d
020 ## - INTERNATIONAL STANDARD BOOK NUMBER
International Standard Book Number 984623000
040 ## - CATALOGING SOURCE
Transcribing agency BD-ChCU
082 ## - DEWEY DECIMAL CLASSIFICATION NUMBER
Edition number 22
Classification number ২০০ উপা ৮ ক
100 ## - MAIN ENTRY--PERSONAL NAME
Personal name উপাধ্যায়, দেবপ্রকাশ
9 (RLIN) 4509
245 ## - TITLE STATEMENT
Title কল্কি অবতার এবং মোহাম্মদ সাহেব /
Statement of responsibility, etc. দেবপ্রকাশ উপাধ্যায়
250 ## - EDITION STATEMENT
Edition statement ৩১ সং.
260 ## - PUBLICATION, DISTRIBUTION, ETC.
Place of publication, distribution, etc. ঢাকা :
Name of publisher, distributor, etc. ইসলাম সাহিত্য প্রকাশন,
Date of publication, distribution, etc. c২০১৪
300 ## - PHYSICAL DESCRIPTION
Extent ২২০পৃ. :
Dimensions 22 cm.
650 #0 - SUBJECT ADDED ENTRY--TOPICAL TERM
Topical term or geographic name entry element ধর্ম
9 (RLIN) 4510
700 ## - ADDED ENTRY--PERSONAL NAME
Personal name শামসুজ্জামান, মোহাম্মদ
Relator term সম্পাদক
9 (RLIN) 4511
942 ## - ADDED ENTRY ELEMENTS (KOHA)
Source of classification or shelving scheme Dewey Decimal Classification
Koha item type Books
Suppress in OPAC No
Holdings
Withdrawn status Lost status Source of classification or shelving scheme Damaged status Not for loan Home library Current library Date acquired Source of acquisition Total Checkouts Full call number Barcode Date last seen Price effective from Koha item type
    Dewey Decimal Classification     Chittagong University Library Chittagong University Library 03/10/2024 ক্রয়কৃত   ২০০ উপা ৮ ক 317509 03/10/2024 03/10/2024 Books
© Copyright 2026. Chittagong University Library, Installation and Maintenance by Prof. Dr. Md. Alamgir, 01711306253